[Event "GEO-ch Blitz (Women)"]
[Site "Tbilisi"]
[Date "2023.12.07"]
[Round "13"]
[White "Janiashvili, Mariam"]
[Black "Pochkhua, Lizi"]
[Result "1-0"]
[WhiteElo "1940"]
[BlackElo "1389"]
[PlyCount "55"]
[EventDate "2023.12.05"]
[EventType "swiss (blitz)"]
[EventRounds "13"]
[EventCountry "GEO"]
[SourceTitle "CB50_2023"]
[SourceDate "2023.12.13"]
[SourceVersion "1"]
[SourceVersionDate "2023.12.13"]
[SourceQuality "1"]

1. d4 Nf6 2. e3 e6 3. Bd3 d5 4. f4 c5 5. c3 Nc6 6. Nd2 b6 7. Ngf3 Bd6 8. 0-0 0-0 9. Ne5 Bb7 10. Qe1 Ne7 11. Kh1 cxd4 12. exd4 Ng6 13. Ndf3 Ne4 14. Bxe4 dxe4 15. Ng5 Bxe5 16. fxe5 Qd5 17. Be3 h6 18. Nh3 Ne7 19. Qg3 Kh7 20. Nf4 Qd7 21. Nh5 Ng6 22. Qh3 f5 23. exf6 gxf6 24. Nxf6+ Rxf6 25. Qxh6+ Kg8 26. Rxf6 Ne7 27. Qg5+ Kh8 28. Rh6# 1-0

[Event "GEO-ch Blitz (Women)"]
[Site "Tbilisi"]
[Date "2023.12.06"]
[Round "2"]
[White "Pochkhua, Lizi"]
[Black "Dolakidze, Mariam"]
[Result "0-1"]
[WhiteElo "1389"]
[BlackElo "1417"]
[PlyCount "72"]
[EventDate "2023.12.05"]
[EventType "swiss (blitz)"]
[EventRounds "13"]
[EventCountry "GEO"]
[SourceTitle "CB50_2023"]
[SourceDate "2023.12.13"]
[SourceVersion "1"]
[SourceVersionDate "2023.12.13"]
[SourceQuality "1"]

1. e4 e6 2. d4 d5 3. exd5 exd5 4. Nf3 Nf6 5. Bd3 Bd6 6. 0-0 0-0 7. h3 c6 8. Bg5 Be6 9. Qd2 Nbd7 10. Nc3 Qc7 11. Rfe1 Rfe8 12. Nh4 h6 13. Be3 Nf8 14. Nf5 Ne4 15. Bxe4 dxe4 16. Nxd6 Qxd6 17. Nxe4 Qd5 18. Ng3 Ng6 19. Ne2 Rad8 20. c3 c5 21. a3 Bc8 22. Rad1 c4 23. Nf4 Nxf4 24. Bxf4 b5 25. Re3 Bb7 26. Rg3 Kh7 27. Re1 Qf5 28. Be3 Bd5 29. Qd1 Be6 30. Qf3 Qc2 31. Qh5 Qxb2 32. f4 g6 33. Qh4 Bf5 34. Qf6 Rd7 35. h4 Re6 36. Qe5 Rxe5 0-1

[Event "Wch U10 Girls"]
[Site "Batumi"]
[Date "2016.10.21"]
[Round "3"]
[White "Gasimova, Samra"]
[Black "Pochkhua, Lizi"]
[Result "0-1"]
[WhiteElo "1479"]
[BlackElo "1274"]
[PlyCount "82"]
[EventDate "2016.10.19"]
[EventType "swiss"]
[EventRounds "11"]
[EventCountry "GEO"]
[SourceTitle "EXT 2018"]
[Source "ChessBase"]
[SourceDate "2017.10.13"]
[SourceVersion "1"]
[SourceVersionDate "2017.10.13"]
[SourceQuality "1"]

1. d4 Nf6 2. Nf3 e6 3. c4 c6 4. Nc3 Bb4 5. a3 Bxc3+ 6. bxc3 d6 7. Bg5 h6 8. Bh4 Nbd7 9. e3 0-0 10. Bd3 b6 11. 0-0 Bb7 12. Rb1 Re8 13. Nd2 e5 14. Ne4 Qe7 15. Qf3 d5 16. Nxf6+ Nxf6 17. Bxf6 Qxf6 18. Qxf6 gxf6 19. a4 Ba6 20. Be2 Rab8 21. Rb2 Bxc4 22. Bxc4 dxc4 23. Rb4 b5 24. axb5 cxb5 25. Ra1 Re7 26. Kf1 Kf8 27. Ra5 Reb7 28. Ke2 Ke7 29. Kf3 h5 30. Ke4 exd4 31. exd4 h4 32. Kf5 Rg8 33. g3 hxg3 34. fxg3 Rg5+ 35. Kf4 Ke6 36. g4 Rd5 37. h4 Ke7 38. Ke4 Ke6 39. Ra6+ Rd6 40. d5+ Ke7 41. Ra5 a6 0-1